| 000 | 00562nam a2200205Ia 4500 | ||
|---|---|---|---|
| 003 | GCL | ||
| 008 | 140319s9999 xx 000 0 eng d | ||
| 040 |
_aGCL / _cGCL |
||
| 082 | 0 | 4 |
_a837 _bL H |
| 100 | 1 | _aLARDOUX, JACQUES | |
| 245 | 1 | 0 |
_aHUMOUR - TERRAQUE ENTRETIENS - LECTURES / _cLARDOUX, JACQUES |
| 700 | 1 | _aLARDOUX, GUILLEVIC | |
| 260 |
_a[S.N] : _bPRESSES UNIVERSITAIRES DE FRANCE ، _c1997 |
||
| 300 | _a195 P | ||
| 650 | 0 | 4 | _aHUMORISTS, AMERICAN |
| 650 | 0 | 4 | _aHUMOUR |
| 650 | 0 | 4 | _aHUMOR IN LITERATURE |
| 650 | 0 | 4 | _aFRENCH HUMOUR |
| 942 |
_2ddc _cBK |
||
| 999 |
_c16426 _d16426 |
||